[Event "23. Schweinfurt Open"]
[Site "Schweinfurt"]
[Date "2013.05.31"]
[Round "3.11"]
[White "Schillinger, Peter"]
[Black "Memmel, Günther"]
[Result "1/2-1/2"]
[WhiteElo "1831"]
[BlackElo "1785"]
[PlyCount "97"]
[EventDate "2013.05.30"]
[Source "SK SW 2000"]
[SourceDate "2013.06.02"]

1. d4 Nf6 2. c4 g6 3. Nc3 d5 4. Nf3 Bg7 5. Bg5 c6 6. e3 O-O 7. Rc1 Re8 8. Qb3
e6 9. Bd3 dxc4 10. Bxc4 Qb6 11. Qc2 Nd5 12. O-O Nd7 13. Ne4 Bf8 14. Bh4 Kg7 15.
Bg3 Qd8 16. Rfd1 N7b6 17. Bb3 Be7 18. a3 f6 19. Nc5 Bd6 20. e4 Bxg3 21. hxg3
Nc7 22. Qc3 Nd7 23. Qe3 Nxc5 24. dxc5 Qe7 25. Rd3 e5 26. Rcd1 Ne6 27. Rd6 Rd8
28. Qd2 Re8 29. Qa5 Qc7 30. Qc3 Re7 31. R1d3 Re8 32. Ba2 Rb8 33. b4 Re7 34. Qd2
Nf8 35. Nh2 Rd7 36. g4 Rxd6 37. Rxd6 Qe7 38. Qd3 Ne6 39. Nf3 Nf4 40. Qc4 Bd7
41. g5 Be6 42. Rxe6 Nxe6 43. Qxe6 Qxe6 44. Bxe6 Re8 45. gxf6+ Kxf6 46. Bc4 Rd8
47. Be2 g5 48. g4 h6 49. Kf1 1/2-1/2

[Event "23. Schweinfurt Open"]
[Site "Schweinfurt"]
[Date "2013.05.31"]
[Round "3.12"]
[White "Schmitz, Wolfgang"]
[Black "Itze, Jan-Peter"]
[Result "0-1"]
[WhiteElo "2070"]
[BlackElo "1715"]
[PlyCount "60"]
[EventDate "2013.05.30"]
[Source "SK SW 2000"]
[SourceDate "2013.06.02"]

1. e4 c6 2. d4 d5 3. Nc3 dxe4 4. Nxe4 Bf5 5. Ng3 Bg6 6. Nf3 Nd7 7. b3 e6 8. Bb2
Ngf6 9. Bd3 Bxd3 10. Qxd3 Qc7 11. O-O Bd6 12. Rfe1 Ng4 13. Ng5 Be7 14. Rxe6 Qf4
15. Rxe7+ Kxe7 16. Re1+ Kd8 17. Nh3 Qc7 18. f3 Ngf6 19. Ng5 Nb6 20. d5 cxd5 21.
Nf5 Rg8 22. Ne7 Rf8 23. c4 h6 24. Nxd5 Nfxd5 25. Bxg7 Rg8 26. Bf6+ Kc8 27. Qf5+
Qd7 28. Qh7 Nxf6 29. Qxh6 Qd4+ 30. Kh1 Qd2 0-1

[Event "23. Schweinfurt Open"]
[Site "Schweinfurt"]
[Date "2013.05.31"]
[Round "3.13"]
[White "Neuberg, Hans-Gerhard"]
[Black "Trinkwalter, Jan"]
[Result "1-0"]
[WhiteElo "1992"]
[BlackElo "1688"]
[PlyCount "57"]
[EventDate "2013.05.30"]
[Source "SK SW 2000"]
[SourceDate "2013.06.02"]

1. e4 c5 2. Nf3 d6 3. d4 cxd4 4. Nxd4 Nf6 5. Nc3 e6 6. Be3 Be7 7. g4 e5 8. Nf5
g6 9. Nxe7 Qxe7 10. Be2 a6 11. Bg5 Be6 12. Qd2 Nc6 13. O-O-O Nd4 14. h3 h6 15.
Bxh6 Nxe2+ 16. Qxe2 Rxh6 17. g5 Rxh3 18. Rxh3 Bxh3 19. gxf6 Qxf6 20. Nd5 Qg5+
21. f4 exf4 22. Qh2 f3+ 23. Kb1 f5 24. Nc7+ Kf7 25. Qxh3 Rc8 26. Qh7+ Kf6 27.
Nd5+ Ke5 28. Qg7+ Kxe4 29. Qd4# 1-0

[Event "23. Schweinfurt Open"]
[Site "Schweinfurt"]
[Date "2013.05.31"]
[Round "3.14"]
[White "Hegel, Pius"]
[Black "Bebersdorf, Claus"]
[Result "1/2-1/2"]
[WhiteElo "1719"]
[BlackElo "1991"]
[PlyCount "42"]
[EventDate "2013.05.30"]
[Source "SK SW 2000"]
[SourceDate "2013.06.02"]

1. Nf3 d5 2. d4 Bf5 3. Bf4 e6 4. e3 Bd6 5. Bxd6 Qxd6 6. Nbd2 Nf6 7. c4 Ne4 8.
c5 Qd8 9. Be2 Nd7 10. Nxe4 Bxe4 11. O-O O-O 12. Nd2 Nf6 13. b4 c6 14. a4 a6 15.
Nb3 Bg6 16. Na5 Qc7 17. f3 Rfb8 18. Qd2 Nd7 19. f4 Be4 20. Bd3 Nf6 21. Bxe4
Nxe4 1/2-1/2

[Event "23. Schweinfurt Open"]
[Site "Schweinfurt"]
[Date "2013.05.31"]
[Round "3.15"]
[White "Klüber, Werner"]
[Black "Roth, Jakob"]
[Result "1/2-1/2"]
[WhiteElo "1958"]
[BlackElo "1582"]
[PlyCount "39"]
[EventDate "2013.05.30"]
[Source "SK SW 2000"]
[SourceDate "2013.06.02"]

1. Nf3 c6 2. d4 d5 3. g3 Nf6 4. Bg2 Bf5 5. O-O e6 6. b3 Bd6 7. Bb2 Nbd7 8. Nbd2
O-O 9. Rc1 Qe7 10. a4 e5 11. dxe5 Nxe5 12. Nd4 Bg6 13. Re1 Neg4 14. e3 h5 15.
Qe2 Qc7 16. c4 dxc4 17. Nxc4 Ne5 18. Red1 Nxc4 19. Qxc4 Rac8 20. Nf3 1/2-1/2

[Event "23. Schweinfurt Open"]
[Site "Schweinfurt"]
[Date "2013.05.31"]
[Round "3.16"]
[White "Herda, Christoph"]
[Black "Hartmann, Christian"]
[Result "1-0"]
[WhiteElo "1917"]
[BlackElo "1554"]
[PlyCount "63"]
[EventDate "2013.05.30"]
[Source "SK SW 2000"]
[SourceDate "2013.06.02"]

1. Nc3 e5 2. Nf3 Nc6 3. d4 exd4 4. Nxd4 Bb4 5. Nxc6 bxc6 6. Qd4 Bxc3+ 7. Qxc3
Qf6 8. Bd2 d5 9. Qe3+ Qe6 10. Qg3 Qg6 11. Qxc7 Qe6 12. Ba5 Ba6 13. Qg3 Nf6 14.
Bb4 Kd7 15. e3 Bxf1 16. Rxf1 Rab8 17. Ba3 Rhe8 18. O-O-O Qe5 19. Qxg7 Qe6 20.
Qg3 Rg8 21. Qf3 Qe5 22. Rfe1 Rg4 23. e4 Qg5+ 24. Kb1 Re8 25. exd5 Rxe1 26.
dxc6+ Kc8 27. Rxe1 Rxg2 28. b3 Rg1 29. Rxg1 Qxg1+ 30. Kb2 Qg5 31. Bb4 Qe5+ 32.
Bc3 1-0

[Event "23. Schweinfurt Open"]
[Site "Schweinfurt"]
[Date "2013.05.31"]
[Round "3.17"]
[White "Völker, Joachim"]
[Black "Wolf, Pablo"]
[Result "1/2-1/2"]
[WhiteElo "1880"]
[BlackElo "1506"]
[PlyCount "60"]
[EventDate "2013.05.30"]
[Source "SK SW 2000"]
[SourceDate "2013.06.02"]

1. e4 c5 2. Nf3 d6 3. Bb5+ Nd7 4. d4 cxd4 5. Nxd4 a6 6. Bxd7+ Bxd7 7. O-O Nf6
8. Re1 e5 9. Nb3 Be7 10. Nc3 O-O 11. Bg5 h6 12. Bxf6 Bxf6 13. Qxd6 Be6 14. Qxd8
Rfxd8 15. Rad1 Rxd1 16. Rxd1 Rc8 17. Kf1 b5 18. a3 Be7 19. Na1 Bxa3 20. Nd5
Bxd5 21. exd5 Bxb2 22. d6 Bd4 23. d7 Rd8 24. Nb3 Bb6 25. Rd6 Bc7 26. Rd5 Kf8
27. Nc5 Ke7 28. Nxa6 Rxd7 29. Nxc7 Rxc7 30. Rxe5+ Kf6 1/2-1/2

[Event "23. Schweinfurt Open"]
[Site "Schweinfurt"]
[Date "2013.05.31"]
[Round "3.18"]
[White "Lachnit, Manfred"]
[Black "Feichtner, Erich"]
[Result "0-1"]
[WhiteElo "1613"]
[BlackElo "1873"]
[PlyCount "108"]
[EventDate "2013.05.30"]
[Source "SK SW 2000"]
[SourceDate "2013.06.02"]

1. f4 e5 2. d3 exf4 3. Bxf4 Nc6 4. e4 Qf6 5. Qc1 Bc5 6. Nf3 h6 7. c3 g5 8. Bg3
d6 9. d4 Bb6 10. Bb5 Bd7 11. Rf1 Qe7 12. Kd1 O-O-O 13. Na3 Nf6 14. Nc4 Nxe4 15.
Re1 f5 16. a4 f4 17. Bxc6 Bxc6 18. a5 Bc5 19. dxc5 dxc5+ 20. Kc2 fxg3 21. hxg3
Qh7 22. Kb3 Bd5 23. Nfe5 Rhe8 24. Ka3 Qg7 25. Qe3 Rxe5 26. Nxe5 Qxe5 27. Rad1
Qxg3 28. Qxg3 Nxg3 29. Re3 Nh5 30. Red3 Nf4 31. R3d2 Rf8 32. g3 Bf3 33. Rf1 Ne6
34. Rdf2 g4 35. Rh2 Rf6 36. Re1 Ng5 37. Re7 Ne4 38. Rh7 Ng5 39. Rh8+ Kd7 40. b4
cxb4+ 41. cxb4 Nf7 42. Rf8 Ke7 43. Rc8 Rc6 44. b5 Rc1 45. Kb2 Rc5 46. b6 axb6
47. axb6 cxb6 48. Rxc5 bxc5 49. Rh5 b6 50. Kc3 Kf6 51. Kc4 Kg6 52. Rh2 Nd6+ 53.
Kc3 b5 54. Rd2 Ne4+ 0-1

[Event "23. Schweinfurt Open"]
[Site "Schweinfurt"]
[Date "2013.05.31"]
[Round "3.19"]
[White "Häusler, Yannick"]
[Black "Grünewald, Elmar"]
[Result "1-0"]
[WhiteElo "1857"]
[BlackElo "1454"]
[PlyCount "79"]
[EventDate "2013.05.30"]
[Source "SK SW 2000"]
[SourceDate "2013.06.02"]

1. e4 e5 2. f4 d6 3. Nf3 Nc6 4. Bc4 Be6 5. Bxe6 fxe6 6. fxe5 dxe5 7. O-O Bc5+
8. Kh1 Nf6 9. Nc3 Qe7 10. d3 h6 11. a3 a6 12. Rb1 b5 13. b4 Ba7 14. h3 Rd8 15.
Bd2 O-O 16. Qe1 Nh5 17. Rc1 Qd6 18. Ne2 Rf7 19. Qh4 Nf6 20. Nh2 Qf8 21. Rf3 g5
22. Qg3 Qg7 23. Rcf1 Rdf8 24. Qe1 Nd4 25. Nxd4 Bxd4 26. Be3 Nh5 27. c3 Rxf3 28.
Rxf3 Bxe3 29. Qxe3 Nf4 30. Qa7 Qd7 31. Ng4 Nxd3 32. Nf6+ Rxf6 33. Rxf6 Kg7 34.
Rf1 Nf4 35. Qf2 Qe7 36. Rd1 Kg6 37. Kh2 h5 38. g3 Nxh3 39. Kxh3 g4+ 40. Kg2 1-0

[Event "23. Schweinfurt Open"]
[Site "Schweinfurt"]
[Date "2013.05.31"]
[Round "3.20"]
[White "Basel, Moritz"]
[Black "Müller, Gerhard"]
[Result "1/2-1/2"]
[WhiteElo "1525"]
[BlackElo "1854"]
[PlyCount "112"]
[EventDate "2013.05.30"]
[Source "SK SW 2000"]
[SourceDate "2013.06.02"]

1. d4 f5 2. c4 Nf6 3. Bf4 d6 4. Nf3 g6 5. Nc3 Bg7 6. Qd2 O-O 7. g3 Re8 8. O-O-O
Nbd7 9. Bg2 Nb6 10. b3 a6 11. h4 Nh5 12. Bg5 Rb8 13. Qe3 Qd7 14. c5 Na8 15. Ne5
Bxe5 16. dxe5 c6 17. cxd6 exd6 18. Rxd6 Qxd6 19. exd6 Rxe3 20. Bxe3 Be6 21. Bg5
Nb6 22. e4 fxe4 23. Bxe4 Rf8 24. Be3 Nd7 25. Na4 Nhf6 26. Bg2 Nd5 27. Kd2 Nxe3
28. Kxe3 Kf7 29. b4 Bxa2 30. Nc5 Re8+ 31. Kd3 Nxc5+ 32. bxc5 Re5 33. Rc1 a5 34.
f4 Re8 35. Ra1 Be6 36. Rxa5 Rb8 37. Ra4 Ke8 38. Rb4 Kd7 39. Bf3 Kc8 40. Kd4 Ra8
41. Ke5 Bd7 42. Rb3 Ra5 43. Rc3 b5 44. Rb3 b4 45. Rxb4 Rxc5+ 46. Kd4 Ra5 47.
Rb6 c5+ 48. Kc4 Ra3 49. Bb7+ Kd8 50. Bd5 Bc8 51. Rb8 Kd7 52. Kxc5 Rc3+ 53. Kd4
Rxg3 54. Ke5 Re3+ 55. Kf6 Kxd6 56. Rxc8 Kxd5 1/2-1/2

[Event "23. Schweinfurt Open"]
[Site "Schweinfurt"]
[Date "2013.05.31"]
[Round "3.21"]
[White "Deißenberger, Andreas"]
[Black "Grasmik, Waldemar"]
[Result "1-0"]
[WhiteElo "1848"]
[BlackElo "1375"]
[PlyCount "83"]
[EventDate "2013.05.30"]
[Source "SK SW 2000"]
[SourceDate "2013.06.02"]

1. d4 d5 2. Nf3 a6 3. e3 g6 4. Bd3 h5 5. Nbd2 c6 6. c3 Bg4 7. h3 Bxf3 8. Qxf3
Nf6 9. e4 dxe4 10. Nxe4 Nbd7 11. Qe2 Nxe4 12. Bxe4 Nf6 13. Bc2 Qd6 14. Bg5
O-O-O 15. Bb3 Nd5 16. O-O-O f6 17. Bd2 Bh6 18. g3 Bxd2+ 19. Qxd2 Nb6 20. Rhe1
a5 21. Re6 Qc7 22. Rde1 Rhe8 23. Qe2 Rd7 24. Rxf6 a4 25. Be6 exf6 26. Bxd7+
Qxd7 27. Qxe8+ Qxe8 28. Rxe8+ Kd7 29. Rg8 g5 30. Rh8 Nc8 31. Rxh5 b5 32. h4 Ke6
33. hxg5 fxg5 34. Rxg5 Kf6 35. f4 Ne7 36. g4 Nd5 37. Rxd5 cxd5 38. a3 Ke6 39.
Kd2 Kf6 40. Ke3 Kg6 41. f5+ Kg5 42. Kf3 1-0

[Event "23. Schweinfurt Open"]
[Site "Schweinfurt"]
[Date "2013.05.31"]
[Round "3.22"]
[White "Steinerstauch, Bernd"]
[Black "Schneider, Johannes"]
[Result "0-1"]
[WhiteElo "1435"]
[BlackElo "1840"]
[PlyCount "70"]
[EventDate "2013.05.30"]
[Source "SK SW 2000"]
[SourceDate "2013.06.02"]

1. b4 Nf6 2. Bb2 g6 3. Bxf6 exf6 4. b5 Bg7 5. c4 O-O 6. Nc3 a6 7. e3 d6 8. a4
f5 9. d4 Re8 10. Nf3 c5 11. Be2 Qa5 12. Qd3 axb5 13. cxb5 f4 14. O-O fxe3 15.
fxe3 Bf5 16. e4 Bg4 17. Nd5 Nd7 18. h3 Bxf3 19. Qxf3 Bxd4+ 20. Kh1 f6 21. Bc4
Kg7 22. Rad1 Rf8 23. Nf4 Kh8 24. Ne6 Ne5 25. Qg3 Nxc4 26. Nxd4 cxd4 27. Rxd4
Rac8 28. Rxc4 Rxc4 29. Qxd6 Qd8 30. Qxd8 Rxd8 31. Rxf6 Rd7 32. e5 Rxa4 33. e6
Re7 34. Rf8+ Kg7 35. Rd8 Kf6 0-1

[Event "23. Schweinfurt Open"]
[Site "Schweinfurt"]
[Date "2013.05.31"]
[Round "3.23"]
[White "Markwardt, Sven"]
[Black "Foitzik, Lukas"]
[Result "1-0"]
[WhiteElo "1760"]
[BlackElo "776"]
[PlyCount "45"]
[EventDate "2013.05.30"]
[Source "SK SW 2000"]
[SourceDate "2013.06.02"]

1. d4 d5 2. c4 e6 3. Nf3 Qe7 4. g3 Qb4+ 5. Qd2 Qxc4 6. Nc3 Nf6 7. e4 Qc6 8. Bb5
Bd7 9. Bxc6 Bxc6 10. e5 Ne4 11. Qf4 Bb4 12. Bd2 O-O 13. Nxe4 dxe4 14. Bxb4 exf3
15. Bxf8 Kxf8 16. Qh4 Na6 17. Qxh7 Be8 18. Qh8+ Ke7 19. Qxg7 Nb4 20. O-O Bb5
21. Qf6+ Kd7 22. Qxf7+ Kc6 23. Qxe6# 1-0

[Event "23. Schweinfurt Open"]
[Site "Schweinfurt"]
[Date "2013.05.31"]
[Round "3.25"]
[White "Falkenstein, Johannes"]
[Black "Scheming, Anna-Marie"]
[Result "1/2-1/2"]
[WhiteElo "1732"]
[BlackElo "1133"]
[PlyCount "114"]
[EventDate "2013.05.30"]
[Source "SK SW 2000"]
[SourceDate "2013.06.02"]

1. d4 d5 2. Bf4 Nf6 3. e3 Nc6 4. Nf3 Bg4 5. h3 Bh5 6. c4 e6 7. Nc3 Bb4 8. a3
Bxc3+ 9. bxc3 O-O 10. Be2 Bg6 11. Qb3 Rb8 12. O-O Ne4 13. cxd5 exd5 14. Rfc1 b5
15. a4 bxa4 16. Qxa4 Rb6 17. Bb5 Ne7 18. c4 dxc4 19. Rxc4 Nd6 20. Rc5 Nxb5 21.
Rxb5 Rxb5 22. Qxb5 c6 23. Qc5 Be4 24. Bd6 Re8 25. Rxa7 Nc8 26. Ra8 Qxd6 27.
Rxc8 Qd7 28. Rxe8+ Qxe8 29. Qe5 Qxe5 30. Nxe5 f6 31. Nc4 Kf8 32. f3 Bd3 33. Nd2
Ke7 34. Kf2 Ke6 35. e4 f5 36. Ke3 fxe4 37. Nxe4 Bb1 38. f4 Bxe4 39. Kxe4 Kd6
40. g4 Ke6 41. f5+ Kf6 42. g5+ Kxg5 43. Ke5 h5 44. Kd6 Kxf5 45. Kxc6 g5 46. d5
g4 47. hxg4+ hxg4 48. d6 g3 49. d7 g2 50. d8=Q g1=Q 51. Qf8+ Ke4 52. Qe7+ Kd3
53. Qa3+ Ke4 54. Qe7+ Kd3 55. Qh7+ Ke2 56. Qe4+ Qe3 57. Qxe3+ Kxe3 1/2-1/2

[Event "23. Schweinfurt Open"]
[Site "Schweinfurt"]
[Date "2013.05.31"]
[Round "3.26"]
[White "Hofmann-Weippert, Matthias"]
[Black "Wiener, Horst"]
[Result "1/2-1/2"]
[WhiteElo "1555"]
[BlackElo "1909"]
[PlyCount "51"]
[EventDate "2013.05.30"]
[Source "SK SW 2000"]
[SourceDate "2013.06.02"]

1. d4 Nf6 2. c4 e6 3. Nf3 b6 4. Nc3 Bb7 5. e3 Be7 6. Be2 O-O 7. O-O d6 8. Qc2
Nbd7 9. b3 c5 10. Bb2 d5 11. Nd2 cxd4 12. exd4 Rc8 13. Bf3 Ba8 14. Qd3 a5 15.
cxd5 Nxd5 16. Nxd5 exd5 17. Rac1 Rxc1 18. Rxc1 Nf6 19. Qb5 Bd6 20. h3 Bf4 21.
Rc2 Re8 22. Be2 Bxd2 23. Rxd2 Qc7 24. Qd3 Rc8 25. Bd1 Re8 26. Re2 1/2-1/2

[Event "23. Schweinfurt Open"]
[Site "Schweinfurt"]
[Date "2013.05.31"]
[Round "3.27"]
[White "Malchau, Jochen"]
[Black "Roth, Ludwig"]
[Result "1-0"]
[WhiteElo "1635"]
[BlackElo "985"]
[PlyCount "89"]
[EventDate "2013.05.30"]
[Source "SK SW 2000"]
[SourceDate "2013.06.02"]

1. d4 d5 2. c4 e6 3. Nc3 Nf6 4. Bg5 Nbd7 5. cxd5 exd5 6. Nxd5 Nxd5 7. Bxd8 Bb4+
8. Qd2 Bxd2+ 9. Kxd2 Kxd8 10. e3 N7f6 11. f3 c6 12. Bc4 Be6 13. Bxd5 Nxd5 14.
Ne2 Re8 15. e4 Nf6 16. a3 Kc7 17. Rac1 Bd7 18. b4 a6 19. Rc3 Re7 20. Rhc1 Rae8
21. Nf4 Nxe4+ 22. fxe4 Rxe4 23. Rf3 Rxd4+ 24. Nd3 f6 25. h3 Re5 26. Kc3 Red5
27. Re1 Bf5 28. Nf4 Rd7 29. g4 Be4 30. Rfe3 f5 31. Ne6+ Kd6 32. Nxd4 c5 33.
Nxf5+ Bxf5 34. gxf5 cxb4+ 35. axb4 Rf7 36. Rf1 g6 37. f6 b5 38. Rd1+ Kc6 39.
Re6+ Kb7 40. Re7+ Rxe7 41. fxe7 Kc6 42. e8=Q+ Kc7 43. Qe6 Kb7 44. Rd7+ Kc8 45.
Qe8# 1-0

[Event "23. Schweinfurt Open"]
[Site "Schweinfurt"]
[Date "2013.05.31"]
[Round "3.28"]
[White "Weippert, Sophia"]
[Black "Hanft, Günter"]
[Result "0-1"]
[WhiteElo "1145"]
[BlackElo "1615"]
[PlyCount "95"]
[EventDate "2013.05.30"]
[Source "SK SW 2000"]
[SourceDate "2013.06.02"]

1. d4 d5 2. c4 e6 3. Nc3 Nf6 4. Bg5 Be7 5. Bxf6 Bxf6 6. cxd5 exd5 7. h3 O-O 8.
Nf3 c6 9. e3 Be6 10. Bd3 Nd7 11. Qc2 g6 12. Ne2 Qe7 13. Nf4 Bg7 14. O-O Rac8
15. Qb3 Nf6 16. Rac1 Rce8 17. Qc2 Bc8 18. Qc5 Qxc5 19. Rxc5 Nd7 20. Rc2 f5 21.
a4 Nf6 22. b4 Ne4 23. b5 Bd7 24. Rb1 g5 25. Nh5 Bh8 26. Bxe4 fxe4 27. Nh2 Rc8
28. bxc6 Bxc6 29. a5 a6 30. f3 Rce8 31. Re1 Kf7 32. fxe4 Rxe4 33. Rf2+ Ke7 34.
Rxf8 Kxf8 35. Rf1+ Ke7 36. Ng4 Re6 37. Rf5 h6 38. Rf2 Bd7 39. Rb2 Bb5 40. Ng3
Kd7 41. Rf2 Ke8 42. Nf5 h5 43. Ngh6 b6 44. axb6 Rxb6 45. Rc2 Rc6 46. Ra2 Bf6
47. Kh2 Bd8 48. Nf7 0-1

[Event "23. Schweinfurt Open"]
[Site "Schweinfurt"]
[Date "2013.05.31"]
[Round "3.29"]
[White "Albert, Samuel"]
[Black "Raaber, Arthur"]
[Result "0-1"]
[WhiteElo "1272"]
[BlackElo "1605"]
[PlyCount "122"]
[EventDate "2013.05.30"]
[Source "SK SW 2000"]
[SourceDate "2013.06.02"]

1. d4 d5 2. c4 Nf6 3. g3 e6 4. Bg2 Nbd7 5. Nf3 b6 6. O-O Bb7 7. Nc3 c5 8. e3
Rc8 9. Ne5 cxd4 10. exd4 Bb4 11. Bg5 Bxc3 12. bxc3 Qc7 13. Nxd7 Qxd7 14. cxd5
Bxd5 15. Bxf6 gxf6 16. Rc1 Bxa2 17. Re1 Bd5 18. Bxd5 Qxd5 19. Qa4+ Qd7 20. Qa6
O-O 21. Re4 f5 22. Rh4 f6 23. g4 fxg4 24. Rxg4+ Kh8 25. Rg3 Rg8 26. Kf1 Rxg3
27. hxg3 Rc6 28. Ra1 Rxc3 29. Qxa7 Qxd4 30. Qb8+ Kg7 31. Ra7+ Kg6 32. Qe8+ Kf5
33. Qh5+ Ke4 34. Qg4+ Ke5 35. Qxd4+ Kxd4 36. Rxh7 f5 37. Rd7+ Kc5 38. Rc7+ Kb4
39. Re7 Rc6 40. Ke2 b5 41. Kd2 Kb3 42. f3 Rc3 43. Ke2 Rc6 44. g4 fxg4 45. fxg4
Kc4 46. g5 Kd5 47. g6 e5 48. g7 Rg6 49. Rd7+ Kc4 50. Rc7+ Kb3 51. Ke3 Rg5 52.
Ke4 b4 53. Rc5 Rxg7 54. Rxe5 Rg3 55. Kd4 Kb2 56. Re2+ Kc1 57. Re1+ Kd2 58. Rb1
b3 59. Kc4 Kc2 60. Rxb3 Rxb3 61. Kd5 Kd3 0-1

[Event "23. Schweinfurt Open"]
[Site "Schweinfurt"]
[Date "2013.05.31"]
[Round "3.30"]
[White "Brodt, Andreas"]
[Black "Li, Simon"]
[Result "1-0"]
[WhiteElo "1601"]
[BlackElo "1223"]
[PlyCount "129"]
[EventDate "2013.05.30"]
[Source "SK SW 2000"]
[SourceDate "2013.06.02"]

1. e4 c5 2. Nf3 d6 3. Bc4 Nc6 4. c3 Nf6 5. d3 g6 6. h3 Bg7 7. a3 O-O 8. Bf4 d5
9. exd5 Nxd5 10. Bg3 Bf5 11. O-O a6 12. a4 Nb6 13. Qe2 Nxc4 14. dxc4 Bd3 15.
Qe1 Bxf1 16. Qxf1 Qd7 17. Nbd2 Rad8 18. Ne4 Qf5 19. Re1 Rd7 20. Nh4 Qh5 21. f3
b6 22. Bf2 f5 23. g4 fxg4 24. hxg4 Qh6 25. Be3 Qxh4 26. Bg5 Qxe1 27. Qxe1 Rxf3
28. Nxc5 Rd8 29. Qe6+ Kh8 30. Kg2 Ne5 31. Qxb6 Re8 32. Qb7 Ref8 33. Ne4 Nxc4
34. Qxe7 h6 35. Bf6 R3xf6 36. Nxf6 Rxf6 37. b3 Nd6 38. Qd8+ Kh7 39. Qa8 Rf4 40.
Qxa6 Ne4 41. Qc6 Rxg4+ 42. Kf3 Nf6 43. c4 Rd4 44. b4 Nd7 45. Qb7 Ne5+ 46. Ke2
Rxc4 47. a5 Nc6 48. a6 h5 49. b5 Na5 50. Qd7 Rc2+ 51. Kd1 Rc4 52. a7 Rd4+ 53.
Qxd4 Bxd4 54. a8=Q Bb6 55. Qf8 Bd4 56. Qf7+ Bg7 57. b6 h4 58. Ke2 Kh6 59. Qd5
h3 60. Qxa5 h2 61. Qd5 Be5 62. Kf1 g5 63. Kg2 Bb8 64. Qf7 Bf4 65. b7 1-0

[Event "23. Schweinfurt Open"]
[Site "Schweinfurt"]
[Date "2013.05.31"]
[Round "3.31"]
[White "Renner, Guenter"]
[Black "Häusler, Luis"]
[Result "0-1"]
[WhiteElo "1092"]
[BlackElo "1428"]
[PlyCount "56"]
[EventDate "2013.05.30"]
[Source "SK SW 2000"]
[SourceDate "2013.06.02"]

1. d4 d5 2. c4 c6 3. a3 e6 4. Nc3 Nf6 5. Nf3 Nbd7 6. Bf4 Be7 7. e3 O-O 8. Bd3
b6 9. Qc2 Bb7 10. Ng5 h6 11. Bh7+ Kh8 12. Nf3 Nxh7 13. g4 Ng5 14. Nxg5 Bxg5 15.
h4 Bxh4 16. O-O-O Bg5 17. Rh5 Bxf4 18. exf4 Nf6 19. Rh4 Ne4 20. Nxe4 Qxh4 21.
Nd6 Ba6 22. Rg1 Qh2 23. Qd1 Qxf4+ 24. Kb1 Qxd6 25. g5 Rg8 26. Qh5 e5 27. gxh6
gxh6 28. Rh1 Qg6+ 0-1

[Event "23. Schweinfurt Open"]
[Site "Schweinfurt"]
[Date "2013.05.31"]
[Round "3.32"]
[White "Christ, Andreas"]
[Black "Leeb, Christian"]
[Result "0-1"]
[WhiteElo "1397"]
[BlackElo "1164"]
[PlyCount "114"]
[EventDate "2013.05.30"]
[Source "SK SW 2000"]
[SourceDate "2013.06.02"]

1. e4 c6 2. Nc3 d5 3. exd5 cxd5 4. Bb5+ Bd7 5. Qe2 Nf6 6. d4 a6 7. Ba4 b5 8.
Bb3 Bg4 9. Nf3 Nc6 10. Be3 e6 11. h3 Bxf3 12. Qxf3 Be7 13. Ne2 O-O 14. O-O Rc8
15. c3 Na5 16. Bc2 Nc4 17. Rab1 Nd6 18. Rfd1 Nde4 19. Bf4 Bd6 20. Bxd6 Qxd6 21.
b4 Rc4 22. Bb3 Rc7 23. Rd3 Rfc8 24. Rc1 Rc6 25. Qe3 h6 26. f3 Ng3 27. Nxg3 Qxg3
28. f4 Qxe3+ 29. Rxe3 Ne4 30. Re2 Rxc3 31. Rd1 Rc1 32. Ree1 R1c6 33. Kf1 f5 34.
g4 g6 35. Kg2 Kf7 36. Rd3 Kf6 37. Kf3 Rc3 38. Ree3 Rxd3 39. Rxd3 Rc3 40. Rxc3
Nxc3 41. Ke3 Ne4 42. Bc2 Nd6 43. Kf3 Nb7 44. Bd3 Nd8 45. Ke3 Nc6 46. a3 g5 47.
Be2 gxf4+ 48. Kd3 Kg5 49. gxf5 exf5 50. Bf3 Ne7 51. Ke2 Kh4 52. Bg2 Kg3 53. Bf1
Nc6 54. Kd3 Kf2 55. Be2 f3 56. Bd1 Kg2 57. h4 f2 0-1

[Event "23. Schweinfurt Open"]
[Site "Schweinfurt"]
[Date "2013.05.31"]
[Round "3.33"]
[White "Lehmann, Andreas"]
[Black "Memmel, Stefan"]
[Result "0-1"]
[WhiteElo "974"]
[BlackElo "1278"]
[PlyCount "110"]
[EventDate "2013.05.30"]
[Source "SK SW 2000"]
[SourceDate "2013.06.02"]

1. e4 e5 2. Nf3 Nc6 3. Bc4 Bc5 4. O-O d6 5. c3 Bg4 6. b4 Bb6 7. a4 a6 8. Bb2
Nf6 9. d3 O-O 10. Nbd2 d5 11. exd5 Nxd5 12. Qb3 Be6 13. Ne4 Nf4 14. Nfg5 Bxc4
15. Qxc4 Qxd3 16. Qxd3 Nxd3 17. Ba3 Rfe8 18. Rad1 Rad8 19. g3 f6 20. Nf3 f5 21.
Nc5 Bxc5 22. bxc5 e4 23. Nh4 g6 24. Rb1 Rb8 25. Ng2 Na5 26. Ne3 Re5 27. Bb4 Nc6
28. Nc4 Rd5 29. Na5 Nxa5 30. Bxa5 Rxc5 31. Bb4 Nxb4 32. cxb4 Rd5 33. b5 axb5
34. Rxb5 Rxb5 35. axb5 Rd8 36. Rc1 Rd7 37. Kf1 Kg7 38. Ke2 Kf6 39. h4 h6 40.
Rc5 Ke6 41. Ke3 Rd3+ 42. Ke2 Kd6 43. Rc4 Rd5 44. g4 Rxb5 45. h5 gxh5 46. gxf5
Rxf5 47. Rxe4 Re5 48. Ke3 Rxe4+ 49. Kxe4 b5 50. f4 b4 51. f5 b3 52. Kd3 h4 53.
f6 Ke6 54. Kc3 Kxf6 55. Kxb3 h3 0-1

[Event "23. Schweinfurt Open"]
[Site "Schweinfurt"]
[Date "2013.05.31"]
[Round "3.34"]
[White "Raab, Franziska"]
[Black "Gerhard, Georg"]
[Result "0-1"]
[WhiteElo "813"]
[BlackElo "1269"]
[PlyCount "98"]
[EventDate "2013.05.30"]
[Source "SK SW 2000"]
[SourceDate "2013.06.02"]

1. e4 c5 2. Nf3 Nc6 3. Nc3 d6 4. Bb5 Bd7 5. d3 g6 6. O-O Bg7 7. Bd2 a6 8. Bc4
b5 9. Bd5 e6 10. Bb3 b4 11. Na4 Na5 12. c3 Nxb3 13. Qxb3 Qa5 14. cxb4 Qxa4 15.
Qxa4 Bxa4 16. bxc5 dxc5 17. e5 Ne7 18. Be3 Rc8 19. Rfc1 Bb5 20. Rd1 Nd5 21.
Rac1 Nxe3 22. fxe3 Ke7 23. b3 Rhd8 24. Rc3 f6 25. a4 Be8 26. exf6+ Bxf6 27. Rc4
Bf7 28. Rg4 e5 29. d4 h5 30. Rg3 exd4 31. exd4 cxd4 32. Re1+ Kf8 33. Kf2 Bxb3
34. Nd2 Bxa4 35. Rxg6 Kf7 36. Rh6 Bg5 37. Rxh5 Bxd2 38. Rf5+ Kg6 39. Ree5 Rf8
40. Rxf8 Rxf8+ 41. Ke2 Bc3 42. Kd3 Bb5+ 43. Ke4 Re8 44. Rxe8 Bxe8 45. Kd3 a5
46. Kc2 a4 47. Kc1 a3 48. Kb1 d3 49. Ka2 d2 0-1

[Event "23. Schweinfurt Open"]
[Site "Schweinfurt"]
[Date "2013.05.31"]
[Round "3.35"]
[White "Engelbrecht, Klaus"]
[Black "Gerhard, Philipp"]
[Result "1-0"]
[WhiteElo "1247"]
[BlackElo "841"]
[PlyCount "85"]
[EventDate "2013.05.30"]
[Source "SK SW 2000"]
[SourceDate "2013.06.02"]

1. Nf3 Nc6 2. d4 d5 3. c4 dxc4 4. e4 e6 5. Bxc4 Bd6 6. O-O b6 7. d5 exd5 8.
Qxd5 Qd7 9. Ng5 Nh6 10. Bb5 Bb7 11. e5 Bc5 12. Qxd7+ Kxd7 13. Ne4 a6 14. Nxc5+
bxc5 15. Bxc6+ Bxc6 16. Bxh6 gxh6 17. f4 Rab8 18. b3 Rhg8 19. g3 Bb5 20. Rd1+
Ke6 21. Nc3 Bc6 22. Kf2 Kf5 23. Nd5 Bxd5 24. Rxd5 Rb5 25. Rd7 Rg7 26. Kf3 c6
27. Re1 Rb8 28. e6 Re8 29. Re5+ Kg6 30. exf7 Rxf7 31. Rd6+ Kg7 32. Rxe8 Rb7 33.
f5 Rf7 34. f6+ Rxf6+ 35. Rxf6 Kxf6 36. Kf4 Kg6 37. Re6+ Kg7 38. h4 Kf7 39. Kf5
h5 40. Rh6 Ke7 41. Rxh5 Kd6 42. Rxh7 Kd5 43. Rd7# 1-0